[Event "COL-ch U16"]
[Site "Medellin"]
[Date "2025.04.26"]
[Round "4"]
[White "Garcia Landinez, Yawar Alec"]
[Black "Sanchez Bermudez, Jeronimo"]
[Result "0-1"]
[WhiteElo "1621"]
[BlackElo "1694"]
[PlyCount "78"]
[EventDate "2025.04.24"]
[EventType "swiss"]
[EventRounds "7"]
[EventCountry "COL"]
[SourceTitle "CB18_2025"]
[SourceDate "2025.04.30"]
[SourceVersion "1"]
[SourceVersionDate "2025.04.30"]
[SourceQuality "1"]

1. e4 c5 2. Nc3 Nc6 3. f4 d6 4. Bb5 Bd7 5. Nf3 Nf6 6. d3 e6 7. 0-0 Be7 8. Qe1 0-0 9. h3 Rc8 10. Bxc6 Bxc6 11. g4 g6 12. f5 exf5 13. gxf5 Nh5 14. Ne2 Bf6 15. Bh6 Re8 16. fxg6 hxg6 17. Ng3 Bh4 18. Nxh4 Qxh4 19. Nxh5 Qxh5 20. Qe3 Rc7 21. Rf6 d5 22. Raf1 dxe4 23. R1f5 Qd1+ 24. Kh2 exd3 25. Rxg6+ fxg6 26. Rf8+ Rxf8 27. Bxf8 Kxf8 28. Qf4+ Rf7 29. Qh6+ Rg7 30. Qf4+ Kg8 31. Qc4+ Rf7 32. cxd3 Qh1+ 33. Kg3 Qg2+ 34. Kh4 g5+ 35. Kh5 Qxh3+ 36. Kg6 Qf5+ 37. Kh6 Qf6+ 38. Kh5 Bf3+ 39. Qg4 Rh7# 0-1

[Event "COL-ch U16"]
[Site "Medellin"]
[Date "2025.04.26"]
[Round "5"]
[White "Sanchez Bermudez, Jeronimo"]
[Black "Soto Ramirez, Andres Camilo"]
[Result "0-1"]
[WhiteElo "1694"]
[BlackElo "1929"]
[PlyCount "112"]
[EventDate "2025.04.24"]
[EventType "swiss"]
[EventRounds "7"]
[EventCountry "COL"]
[SourceTitle "CB18_2025"]
[SourceDate "2025.04.30"]
[SourceVersion "1"]
[SourceVersionDate "2025.04.30"]
[SourceQuality "1"]

1. d4 Nf6 2. c4 c5 3. e3 g6 4. Nc3 Bg7 5. Nf3 0-0 6. Be2 d6 7. 0-0 Nc6 8. Re1 Bf5 9. a3 e5 10. dxc5 dxc5 11. Nd5 e4 12. Nxf6+ Qxf6 13. Nd2 Qe5 14. Rb1 Qe7 15. Nf1 Be6 16. Qc2 f5 17. Bd2 Qf7 18. Bc3 Bxc3 19. Qxc3 f4 20. exf4 Qxf4 21. Qe3 Nd4 22. b4 Nc2 23. Qxf4 Rxf4 24. Rec1 Nxa3 25. Rb3 cxb4 26. Rxb4 Rc8 27. Rc3 a5 28. Rxb7 Nxc4 29. Re7 Nb2 30. Rxc8+ Bxc8 31. Ra7 a4 32. Bb5 Be6 33. Nd2 Rf7 34. Ra5 Bb3 35. Nxe4 Kg7 36. Nd2 Rc7 37. h3 Rc2 38. Ne4 Rc7 39. Nd2 Kh6 40. g4 Rc1+ 41. Kh2 Rc5 42. Ne4 Re5 43. g5+ Kg7 44. Ra7+ Kf8 45. Ra8+ Kf7 46. Nc3 Rxg5 47. Bxa4 Nxa4 48. Ra7+ Kg8 49. Nxa4 Bd5 50. Ra5 Rg2+ 51. Kh1 Bf3 52. Ra7 Rxf2+ 53. Kg1 Rg2+ 54. Kf1 Ra2 55. h4 Bc6 56. Rc7 Bxa4 0-1

[Event "Medellin Departament op"]
[Site "Medellin"]
[Date "2025.04.06"]
[Round "6"]
[White "Sanchez Bermudez, Jeronimo"]
[Black "Bohorquez Gutierrez, Daniel"]
[Result "0-1"]
[WhiteElo "1694"]
[BlackElo "1866"]
[PlyCount "102"]
[EventDate "2025.04.02"]
[EventType "swiss"]
[EventRounds "7"]
[EventCountry "COL"]
[SourceTitle "CB15_2025"]
[SourceDate "2025.04.09"]
[SourceVersion "1"]
[SourceVersionDate "2025.04.09"]
[SourceQuality "1"]

1. d4 Nf6 2. c4 c5 3. e3 g6 4. Nf3 Bg7 5. Nc3 cxd4 6. exd4 d5 7. Be2 0-0 8. 0-0 Nc6 9. Bf4 b6 10. Rc1 Bb7 11. h3 Rc8 12. b3 dxc4 13. Bxc4 Na5 14. Be2 Nd5 15. Nxd5 Qxd5 16. Be5 Bh6 17. Rxc8 Rxc8 18. Qd3 Nc6 19. Qc4 Nxe5 20. Qxd5 Bxd5 21. Nxe5 Rc2 22. Bc4 Bxc4 23. Nxc4 Rxa2 24. Ne5 a5 25. Rb1 Bg7 26. Nf3 Bf6 27. Kf1 b5 28. Ne5 Bxe5 29. dxe5 g5 30. g3 Kg7 31. Kg2 Kg6 32. g4 f5 33. exf6 Kxf6 34. Kf3 a4 35. bxa4 bxa4 36. Rb4 a3 37. Ra4 Ra1 38. Re4 Rh1 39. Re2 Rxh3+ 40. Ke4 Rb3 41. f3 Rb2 42. Re3 Rb4+ 43. Kd5 Ra4 44. Re1 a2 45. Ra1 h6 46. Kc6 Ke5 47. Kd7 Kf4 48. Kxe7 Kxf3 49. Kf6 Kxg4 50. Kg6 Ra6+ 51. Kh7 Kf3 0-1

[Event "Medellin Castro Memorial op-B 31st"]
[Site "Medellin"]
[Date "2024.08.09"]
[Round "5"]
[White "Pacheco Gutierrez, Johnny Rafael"]
[Black "Sanchez Bermudez, Jeronimo"]
[Result "1-0"]
[WhiteElo "1900"]
[BlackElo "1640"]
[PlyCount "69"]
[EventDate "2024.08.07"]
[EventType "swiss"]
[EventRounds "9"]
[EventCountry "COL"]
[SourceTitle "CBM 221 Extra"]
[Source "ChessBase"]
[SourceDate "2024.09.30"]
[SourceVersion "1"]
[SourceVersionDate "2024.09.30"]
[SourceQuality "1"]

1. e4 d5 2. exd5 Qxd5 3. Nc3 Qa5 4. d4 c6 5. Nf3 e6 6. Bd3 Nf6 7. 0-0 Nbd7 8. Re1 Bd6 9. Bd2 Qc7 10. Ne2 0-0 11. Ng3 b6 12. c3 Bb7 13. Rc1 Rfe8 14. Bg5 h6 15. Bxf6 Nxf6 16. Ne5 Be7 17. Bb1 c5 18. Nh5 Rad8 19. Qd3 cxd4 20. cxd4 Qd6 21. Nxf7 Qd5 22. Nf4 Qxd4 23. Nxd8 Qxd3 24. Nxd3 Rxd8 25. Rxe6 Bf8 26. h3 Bd5 27. Ree1 Be4 28. Nf4 Bxb1 29. Rxb1 Rd2 30. Re2 Rd8 31. Kf1 Kf7 32. Ne6 Re8 33. Nxf8 Rxf8 34. Rc1 Nd5 35. a3 1-0

[Event "American Continental Rapid 18th"]
[Site "Medellin"]
[Date "2024.06.01"]
[Round "8"]
[White "Sanchez Bermudez, Jeronimo"]
[Black "Shaw, Clifford"]
[Result "1-0"]
[WhiteElo "1640"]
[BlackElo "1771"]
[PlyCount "117"]
[EventDate "2024.06.01"]
[EventType "swiss (rapid)"]
[EventRounds "9"]
[EventCountry "COL"]
[SourceTitle "CBM 220 Extra"]
[Source "ChessBase"]
[SourceDate "2024.07.31"]
[SourceVersion "1"]
[SourceVersionDate "2024.07.31"]
[SourceQuality "1"]

1. e4 e6 2. d4 d5 3. exd5 exd5 4. c3 c5 5. Nf3 Nc6 6. Be3 cxd4 7. Nxd4 Bd6 8. Nd2 Nge7 9. N2f3 0-0 10. Bd3 Bg4 11. Qc2 g6 12. h3 Bd7 13. h4 h5 14. Nxc6 bxc6 15. Qd2 Nf5 16. Bxf5 Bxf5 17. Nd4 Qd7 18. Nxf5 Qxf5 19. 0-0 Rad8 20. Rae1 Qg4 21. g3 f5 22. Bh6 Rfe8 23. Rxe8+ Rxe8 24. Re1 Re4 25. Rxe4 Qxe4 26. Qe3 Qxe3 27. Bxe3 a6 28. b4 Kf7 29. Kf1 Ke6 30. f4 Bc7 31. a4 a5 32. b5 cxb5 33. axb5 Kd6 34. Ke2 Bb8 35. Kd3 a4 36. c4 dxc4+ 37. Kxc4 a3 38. Kb3 a2 39. Kxa2 Kd5 40. Kb3 Ke4 41. Bc5 Kf3 42. Be7 Kxg3 43. Bg5 Kf3 44. Kc4 Ke4 45. b6 Ke3 46. Kd5 Kd3 47. Kc6 Kc4 48. Kb7 Bd6 49. Kc8 Kd4 50. b7 Ke4 51. b8Q Bxb8 52. Kxb8 Kd5 53. Kc7 Ke6 54. Kd8 Kf7 55. Kd7 Kf8 56. Ke6 Kg7 57. Ke7 Kg8 58. Kf6 Kh7 59. Kf7 1-0

[Event "American Continental Blitz 18th"]
[Site "Medellin"]
[Date "2024.05.29"]
[Round "1"]
[White "Rosero, Jefferson"]
[Black "Sanchez Bermudez, Jeronimo"]
[Result "1-0"]
[WhiteElo "2087"]
[BlackElo "1634"]
[PlyCount "67"]
[EventDate "2024.05.29"]
[EventType "swiss (blitz)"]
[EventRounds "9"]
[EventCountry "COL"]
[SourceTitle "CBM 220 Extra"]
[Source "ChessBase"]
[SourceDate "2024.07.31"]
[SourceVersion "1"]
[SourceVersionDate "2024.07.31"]
[SourceQuality "1"]

1. e4 c5 2. d4 cxd4 3. c3 Nc6 4. cxd4 d5 5. Nc3 dxe4 6. d5 Ne5 7. Qa4+ Bd7 8. Qxe4 Ng6 9. Bd3 Nf6 10. Qe2 e6 11. dxe6 Bxe6 12. Nf3 a6 13. Ng5 Qe7 14. 0-0 Bg4 15. Qc2 Be6 16. f4 Qc5+ 17. Kh1 Bg4 18. Qb3 Qc7 19. Bc4 0-0-0 20. Nxf7 Bd6 21. Nxh8 Rxh8 22. Be3 Nxf4 23. Rac1 Ng6 24. Nb5 Qb8 25. Be6+ Kd8 26. Nxd6 Qxd6 27. Bb6+ Ke7 28. Bc5 Bxe6 29. Bxd6+ Kxd6 30. Qb6+ Ke7 31. Rc7+ Kf8 32. Qd6+ Kg8 33. Qxe6+ Kf8 34. Qf7# 1-0

[Event "Medellin de La Raza U2000 op"]
[Site "Medellin"]
[Date "2023.10.12"]
[Round "1"]
[White "Perez Lujan, Mateo"]
[Black "Sanchez Bermudez, Jeronimo"]
[Result "1-0"]
[WhiteElo "1907"]
[BlackElo "1375"]
[PlyCount "73"]
[EventDate "2023.10.12"]
[EventType "swiss"]
[EventRounds "9"]
[EventCountry "COL"]
[SourceTitle "CBM 216 Extra"]
[Source "ChessBase"]
[SourceDate "2023.11.30"]
[SourceVersion "1"]
[SourceVersionDate "2023.11.30"]
[SourceQuality "1"]

1. d4 d5 2. Nf3 Nf6 3. Bf4 Bf5 4. e3 e6 5. c4 c6 6. Nc3 Nbd7 7. Be2 Be7 8. 0-0 0-0 9. h3 Re8 10. Nh4 Bg6 11. Nxg6 hxg6 12. Rc1 a5 13. Qc2 Bf8 14. Rfd1 Qe7 15. Bh2 Nb6 16. b3 Qd7 17. e4 Bb4 18. e5 Nh7 19. c5 Bxc3 20. Qxc3 Nc8 21. Rd2 Ne7 22. Rb2 Reb8 23. Bf4 Qc7 24. Qd2 Nf8 25. Rcb1 Nd7 26. a3 b5 27. h4 Nf5 28. g4 Ne7 29. Kg2 Nf8 30. Bd3 Nh7 31. Rh1 Qd8 32. Rbb1 Rb7 33. h5 gxh5 34. Rxh5 g6 35. Rxh7 Kxh7 36. Rh1+ Kg8 37. Bg5 1-0

[Event "Medellin Flores op 30th"]
[Site "Medellin"]
[Date "2023.08.05"]
[Round "5"]
[White "Sanchez Bermudez, Jeronimo"]
[Black "Renteria, Jakson Alexander"]
[Result "0-1"]
[WhiteElo "1302"]
[BlackElo "1629"]
[PlyCount "38"]
[EventDate "2023.08.03"]
[EventType "swiss"]
[EventRounds "9"]
[EventCountry "COL"]
[SourceTitle "EXT 2024"]
[Source "ChessBase"]
[SourceDate "2023.10.10"]
[SourceVersion "1"]
[SourceVersionDate "2023.10.10"]
[SourceQuality "1"]

1. e4 c5 2. d3 e6 3. Nf3 d5 4. Nbd2 Nc6 5. g3 Bd6 6. Bg2 Nge7 7. c3 0-0 8. 0-0 Rb8 9. Re1 Qc7 10. b3 b5 11. a3 a5 12. Bb2 Ne5 13. Nxe5 Bxe5 14. d4 cxd4 15. cxd4 Bf6 16. e5 Bg5 17. f4 Bh6 18. Rc1 Qb6 19. Qc2 g6 0-1

[Event "Medellin Easter op 11th"]
[Site "Medellin"]
[Date "2023.04.09"]
[Round "6"]
[White "Sanchez Bermudez, Jeronimo"]
[Black "Zapata Urrego, Camilo"]
[Result "1-0"]
[WhiteElo "1201"]
[BlackElo "1394"]
[PlyCount "49"]
[EventDate "2023.04.05"]
[EventType "swiss"]
[EventRounds "7"]
[EventCountry "COL"]
[SourceTitle "CBM 213 Extra"]
[Source "ChessBase"]
[SourceDate "2023.05.31"]
[SourceVersion "1"]
[SourceVersionDate "2023.05.31"]
[SourceQuality "1"]

1. e4 e5 2. Nf3 Nc6 3. Bc4 Bc5 4. d3 d6 5. c3 a6 6. Nbd2 Nf6 7. h3 0-0 8. Nf1 Be6 9. Bb3 Ne7 10. Ng3 Ng6 11. Be3 Ba7 12. 0-0 Bxe3 13. fxe3 Bxb3 14. Qxb3 Rb8 15. Nf5 Ne7 16. Nh2 c6 17. Nh6+ gxh6 18. Rxf6 Nf5 19. Rxf5 b5 20. Raf1 Qe7 21. Ng4 Kg7 22. Qd1 Qe6 23. Rf6 Qe7 24. Rxh6 Qg5 25. Rxd6 1-0

[Event "Medellin Feria de las Flores op"]
[Site "Medellin"]
[Date "2022.08.06"]
[Round "7"]
[White "Sanchez Bermudez, Jeronimo"]
[Black "Mercado Maestre, Maria Angel"]
[Result "0-1"]
[WhiteElo "1209"]
[BlackElo "1310"]
[PlyCount "32"]
[EventDate "2022.08.03"]
[EventType "swiss"]
[EventRounds "9"]
[EventCountry "COL"]
[SourceTitle "CBM 209 Extra"]
[Source "ChessBase"]
[SourceDate "2022.09.30"]
[SourceVersion "1"]
[SourceVersionDate "2022.09.30"]
[SourceQuality "1"]

1. e4 e5 2. Nf3 Nc6 3. Bc4 Bc5 4. d3 Nf6 5. c3 a5 6. Nbd2 d6 7. Nf1 0-0 8. Ng3 Bb6 9. Bg5 h6 10. Bd2 Ne7 11. Qc1 Ng6 12. Bxh6 gxh6 13. Qxh6 d5 14. exd5 Ng4 15. Qh5 Nf4 16. Qh4 Nxg2+ 0-1

[Event "Medellin Feria de las Flores op"]
[Site "Medellin"]
[Date "2022.08.03"]
[Round "1"]
[White "Sanchez Bermudez, Jeronimo"]
[Black "Garces Trujillo, Luis Javier"]
[Result "0-1"]
[WhiteElo "1209"]
[BlackElo "1852"]
[PlyCount "86"]
[EventDate "2022.08.03"]
[EventType "swiss"]
[EventRounds "9"]
[EventCountry "COL"]
[SourceTitle "CBM 209 Extra"]
[Source "ChessBase"]
[SourceDate "2022.09.30"]
[SourceVersion "1"]
[SourceVersionDate "2022.09.30"]
[SourceQuality "1"]

1. e4 c5 2. d3 g6 3. g3 Bg7 4. Bg2 Nc6 5. Nf3 Nf6 6. Nbd2 d5 7. exd5 Nxd5 8. Nf1 0-0 9. h4 Bg4 10. N1h2 Bf5 11. 0-0 Qd7 12. Re1 Rfd8 13. Rb1 Ndb4 14. Ra1 Rac8 15. a3 Nd5 16. Ng5 Nf6 17. Ne4 Nxe4 18. Bxe4 c4 19. Bxf5 Qxf5 20. Re3 cxd3 21. Rxd3 Rxd3 22. cxd3 Rd8 23. Qb3 Rxd3 24. Qxb7 Rd1+ 25. Kg2 Qd5+ 26. f3 Rxc1 27. Rxc1 Qd2+ 28. Kh3 Qxc1 29. Qc8+ Bf8 30. b4 Qc2 31. b5 Nd4 32. Qb7 Qf5+ 33. Kg2 Nxb5 34. a4 Nc3 35. Qxa7 Qc2+ 36. Qf2 Qxa4 37. Qe3 Qc2+ 38. Kh3 Nd1 39. Qb6 Nf2+ 40. Kg2 Ng4+ 41. Kh3 Nxh2 42. g4 Nxf3 43. g5 e5 0-1

[Event "Medellin U2000 op"]
[Site "Medellin"]
[Date "2022.05.21"]
[Round "4"]
[White "Sanchez Bermudez, Jeronimo"]
[Black "Gallon Ramirez, Tomas"]
[Result "1/2-1/2"]
[WhiteElo "1149"]
[BlackElo "1360"]
[PlyCount "47"]
[EventDate "2022.05.18"]
[EventType "swiss"]
[EventRounds "7"]
[EventCountry "COL"]
[SourceTitle "CBM 208 Extra"]
[Source "ChessBase"]
[SourceDate "2022.07.31"]
[SourceVersion "1"]
[SourceVersionDate "2022.07.31"]
[SourceQuality "1"]

1. e4 c6 2. d4 d5 3. e5 Bf5 4. Nf3 e6 5. Be2 c5 6. c3 Nc6 7. 0-0 Nh6 8. h3 Bg6 9. Qb3 Qb6 10. Qxb6 axb6 11. Na3 Be7 12. Nb5 0-0 13. g4 Rfd8 14. Be3 Ra5 15. a4 c4 16. Kh2 Bc2 17. Bd1 Bxd1 18. Rfxd1 Rda8 19. Nc7 Rc8 20. Nb5 Rca8 21. Nc7 Rc8 22. Nb5 Rca8 23. Nc7 Rc8 24. Nb5 1/2-1/2

[Event "Medellin Easter op 10th"]
[Site "Medellin"]
[Date "2022.04.16"]
[Round "6"]
[White "Manrique Bermudez, Josue"]
[Black "Sanchez Bermudez, Jeronimo"]
[Result "1-0"]
[WhiteElo "1494"]
[BlackElo "1108"]
[PlyCount "151"]
[EventDate "2022.04.13"]
[EventType "swiss"]
[EventRounds "8"]
[EventCountry "COL"]
[SourceTitle "CBM 207 Extra"]
[Source "ChessBase"]
[SourceDate "2022.05.31"]
[SourceVersion "1"]
[SourceVersionDate "2022.05.31"]
[SourceQuality "1"]

1. d4 d5 2. c4 e6 3. Nc3 Be7 4. cxd5 exd5 5. Bf4 c6 6. e3 Nf6 7. Bd3 Nbd7 8. h3 b6 9. Nf3 Bb7 10. 0-0 0-0 11. a3 Re8 12. Rc1 c5 13. Nb5 Rf8 14. Nd6 Bxd6 15. Bxd6 Re8 16. dxc5 bxc5 17. Bxc5 Nxc5 18. Rxc5 Qd6 19. Qc2 Rac8 20. Rc1 g6 21. Rc7 Ne4 22. Bb5 Red8 23. Bd3 h6 24. Nd4 a6 25. Bxe4 dxe4 26. Qc5 Qf6 27. Qa7 Rxc7 28. Rxc7 Bd5 29. Qc5 Be6 30. Qe7 Qxe7 31. Rxe7 Rd6 32. b4 Kf8 33. Ra7 Bc4 34. Rc7 Bb5 35. Rc5 Rb6 36. Kh2 Ke7 37. Re5+ Kd6 38. Rxe4 Bd7 39. Nb3 Be6 40. Rd4+ Ke7 41. Nc5 Bc8 42. Kg3 f5 43. e4 g5 44. exf5 Bxf5 45. Kf3 h5 46. Ke3 Rg6 47. Rd5 Bc8 48. Ne4 Bb7 49. Re5+ Kf7 50. Rc5 Bxe4 51. Kxe4 Re6+ 52. Re5 Kf6 53. Rxe6+ Kxe6 54. a4 g4 55. hxg4 hxg4 56. b5 axb5 57. axb5 Kd6 58. Kf4 g3 59. Kxg3 Kc5 60. Kf4 Kxb5 61. g4 Kc6 62. Kf5 Kd7 63. f4 Ke7 64. Ke5 Kf7 65. f5 Ke7 66. g5 Kf7 67. f6 Ke8 68. g6 Kf8 69. Ke6 Kg8 70. Ke7 Kh8 71. f7 Kg7 72. f8Q+ Kxg6 73. Qf4 Kh5 74. Qg3 Kh6 75. Kf6 Kh5 76. Qh3# 1-0

[Event "Medellin Easter op 10th"]
[Site "Medellin"]
[Date "2022.04.15"]
[Round "5"]
[White "Sanchez Bermudez, Jeronimo"]
[Black "Giraldo, Emanuel"]
[Result "0-1"]
[WhiteElo "1108"]
[BlackElo "1689"]
[PlyCount "40"]
[EventDate "2022.04.13"]
[EventType "swiss"]
[EventRounds "8"]
[EventCountry "COL"]
[SourceTitle "CBM 207 Extra"]
[Source "ChessBase"]
[SourceDate "2022.05.31"]
[SourceVersion "1"]
[SourceVersionDate "2022.05.31"]
[SourceQuality "1"]

1. e4 d6 2. d4 Nf6 3. Nc3 g6 4. Nf3 Bg7 5. Bc4 0-0 6. Bf4 Nxe4 7. Nxe4 d5 8. Bxd5 Qxd5 9. Nc3 Qd8 10. 0-0 c6 11. Qe2 Bg4 12. h3 Bxf3 13. Qxf3 Qxd4 14. Rad1 Qb4 15. Rd3 Na6 16. a3 Qxb2 17. Rb1 Qxc2 18. Rc1 Qb2 19. Rb1 Qxa3 20. Rxb7 Nc5 0-1

[Event "Medellin Aristizabal Cup"]
[Site "Medellin"]
[Date "2019.06.21"]
[Round "1"]
[White "Renteria Rodriguez, Henry"]
[Black "Sanchez Bermudez, Jeronimo"]
[Result "1-0"]
[WhiteElo "1903"]
[BlackElo "1233"]
[PlyCount "75"]
[EventDate "2019.06.21"]
[EventType "swiss"]
[EventRounds "7"]
[EventCountry "COL"]
[SourceTitle "EXT 2020"]
[Source "ChessBase"]
[SourceDate "2019.10.17"]
[SourceVersion "1"]
[SourceVersionDate "2019.10.17"]
[SourceQuality "1"]

1. e4 e5 2. Nf3 Nc6 3. Bc4 Bc5 4. 0-0 Nf6 5. d3 0-0 6. Bg5 h6 7. Bh4 d6 8. h3 Be6 9. Bxe6 fxe6 10. Nbd2 d5 11. c3 d4 12. cxd4 exd4 13. e5 Be7 14. exf6 Bxf6 15. Bg3 Nb4 16. Qb3 c5 17. Qxe6+ Rf7 18. Qc4 b6 19. a3 Nd5 20. Ne4 Rb8 21. Nd6 Rbb7 22. Rfe1 Be7 23. Qxd5 Bxd6 24. Qxd6 Qxd6 25. Bxd6 Rfd7 26. Bg3 Re7 27. Rxe7 Rxe7 28. Re1 Rxe1+ 29. Nxe1 Kf7 30. Bb8 a5 31. Ba7 b5 32. Bxc5 b4 33. axb4 axb4 34. Bxb4 Ke6 35. Bc5 Kd5 36. b4 g5 37. Nc2 Kc6 38. Nxd4+ 1-0